| 000 | 00626nam a22001937a 4500 | ||
|---|---|---|---|
| 999 |
_c14558 _d14558 |
||
| 003 | AR-CdUCM | ||
| 008 | 190423b ||||| |||| 00| 0 spa d | ||
| 020 | _a978-84-683-0581-3 | ||
| 040 |
_aMUNICIPALIDAD PROVINCIAL DEL CUSCO _cBIBLIOTECA MUNICIPAL DEL CUSCO |
||
| 082 |
_aPI / 376.12 / _bE23 |
||
| 110 |
_aEdebé _933302 |
||
| 245 |
_aEs rosa y purpurina : _brasca y dibuja / |
||
| 260 |
_aBarcelona : _bEdebé, _c2012. |
||
| 300 |
_a24 páginas ; _bIlustraciones, _c28 cm. _e+ papel de rascar, |
||
| 650 |
_aDibujo infantil _933374 |
||
| 650 |
_aMaterial de dibujo _933375 |
||
| 942 |
_2ddc _cLIBROS |
||
| 945 |
_aacv _d2019-04-23 |
||